Siyasette 2. İnönü'lü yıllar (Record no. 11770)

MARC details
000 -BAŞLIK
Sabit Uzunlukta Kontrol Alanı 00886na a2200301 4500
001 - KONTROL NUMARASI
Denetim Alanı 24588
003 - KONTROL NUMARASI IDENTIFIER
Denetim Alanı MIRAKIL
005 - SON İŞLEM TARİHİ VE ZAMANI
Denetim Alanı 20181226104233.0
008 - SABİT-BOY VERİ ELEMANLARI - GENEL BİLGİLER
Sabit Uzunlukta Kontrol Alanı 181214b tu 000 0
020 ## - ULUSLARARASI STANDART KİTAP NUMARASI
Uluslararası Standart Kitap Numarası 9757850063
035 ## - SİSTEM KONTROL NUMARASI
Sistem Kontrol Numarası 13554
041 ## - DİL KODU
Metin / Ses Parça Veya Ayrı Başlığın Dil Kodu tur
082 ## - DEWEY ONLU SINIFLANDIRMA NUMARASI
Sınıflandırma Numarası 324.2172
Ürün Numarası E64s 1994
090 ## - SINIFLAMA NUMARASI
Sınıflama Numarası 324.2172 E64s 1994
100 ## - ANA GİRİŞ - KİŞİSEL İSİM
Kişisel Ad Erkoca, Yurdagül
245 ## - BAŞLIK TABLOSU
Başlık Siyasette 2. İnönü'lü yıllar
Sorumluluk Tablosu, Vb Yurdagül Erkoca
260 ## - YAYIN, DAĞITIM, VB
Yayın, Dağıtım, Vb Yeri Ankara
Yayıncı, Dağıtıcı, Vs Adı Sosyal Demokrasi Yayınları
Yayın, Dağıtım, Vb Tarihi 1994
300 ## - FİZİKSEL TANIM
Kapsam 71 s.
Boyutlar 18 sm.
600 ## - KONU KATMA GİRİŞ - KURUMSAL ADI
Kişisel Ad İnönü, Erdal
Bir Adıyla İlişkilendirilen Tarihler 1926 - 2007
Genel Alt Bölümü Siyaset ve yönetim
610 ## - KONU KATMA GİRİŞ - TOPLANTI ADI
Giriş Elemanı Olarak Kurumsal Ad Veya Yargı Alanı Adı SHP
610 ## - KONU KATMA GİRİŞ - TOPLANTI ADI
Giriş Elemanı Olarak Kurumsal Ad Veya Yargı Alanı Adı CHP
650 ## - KONU KATMA GİRİŞ - TOPİKAL DÖNEM
Topikal Süreli Veya Coğrafi Ad Giriş Elemanı Devlet adamları
Genel Alt Bölümü Siyaset ve yönetim
Coğrafi Alt Bölümü Türkiye
650 ## - KONU KATMA GİRİŞ - TOPİKAL DÖNEM
Topikal Süreli Veya Coğrafi Ad Giriş Elemanı Siyasal partiler
Genel Alt Bölümü SHP
Coğrafi Alt Bölümü Türkiye
651 ## - KONU KATMA GİRİŞ - COĞRAFİ ADI
Coğrafi İsim Türkiye
Genel Alt Bölümü Siyasal tarih
Kronolojik Alt Bölümü 1980-
651 ## - KONU KATMA GİRİŞ - COĞRAFİ ADI
Coğrafi İsim Türkiye
Genel Alt Bölümü Siyaset ve yönetim
Kronolojik Alt Bölümü 1980-
942 ## - EKLENDİ GİRİŞ ELEMANLARI (KOHA)
Sınıflandırma Veya Raf Düzeni Kaynak Dewey Decimal Classification
Koha Öğesi Türü Books
040 ## - KATALOGLAMA KAYNAK
Orijinal Kataloglama Ajansı Milas
Kataloglama Dili tur
Metne Dönüştürmek Ajansı TR-AnCHP
999 ## - SİSTEM KONTROL NUMARALARI (KOHA)
Koha Biblionumber 11770
Koha Biblioitemnumber 11770
Holdings
Kalıcı Konum Mevcut Konum Edinme Tarihi Toplam Check-Out'Lar Tam Çağrı Numarası Barkod Tarih Son Görülme İtibaren Geçerli Fiyatlar Koha Öğesi Türü
Parti Okulu Kütüphanesi Parti Okulu Kütüphanesi 02/25/2019   324.2172 E64s 1994 P00335 02/25/2019 02/25/2019 Books